| 000 | 00797nam a2200193 a 4500 | ||
|---|---|---|---|
| 005 | 20230920064555.0 | ||
| 008 | 991125c2000 agu 000 0 spa u | ||
| 020 | _a9701328035 | ||
| 035 | _aUPN01000135835 | ||
| 049 | _aC | ||
| 050 | 4 |
_aHA770 _bno. 553 |
|
| 110 | 2 | _aInstituto Nacional de Estadística, Geografía e Informática (México) | |
| 245 | 1 | 0 |
_aMilpa Alta : _bDistrito Federal : cuaderno estadístico delegacional : edición 1999 / _cInstituto Nacional de Estadística, Geografía e Informática. |
| 260 |
_aAguascalientes : _bINEGI : _bGobierno del Distrito Federal, _c2000. |
||
| 300 |
_axiii, 153 p. : _bgráfs., mapas, cuadros. |
||
| 651 | 4 |
_aMILPA ALTA, D.F. - _xPOBLACION - _vESTADISTICA |
|
| 651 | 4 |
_aDistrito Federal (México) _xPoblación _vEstadística _913309 |
|
| 905 | _aLibro | ||
| 999 |
_c107986 _d107986 |
||